Loreto College Library, Kolkata
WEBOPAC (ONLINE PUBLIC ACCESS CATALOGUE)

Logical Reasoning for CAT (Record no. 43952)

MARC details
000 -LEADER
fixed length control field 00557nam a22002057a 4500
005 - DATE AND TIME OF LATEST TRANSACTION
control field 20250324115326.0
008 - FIXED-LENGTH DATA ELEMENTS--GENERAL INFORMATION
fixed length control field 250324b |||||||| |||| 00| 0 eng d
020 ## - ISBN | অাই এস বি এন
ISBN | অাই এস বি এন 978-93-5532-511-2
PRICE Rs.885.00
040 ## - CATALOGING SOURCE
Original cataloging agency Loreto College
041 ## - LANGUAGE CODE
Language code English
082 ## - DDC | ডিউই
Classification number | বর্গসংখ্যা 153.94
Book Number | গ্রন্থাঙ্ক SHA
100 ## - MAIN ENTRY--PERSONAL NAME | মুখ্য সংলেখ - ব্যাক্তিনাম
Personal name | ব্যাক্তিনাম Sharma,Arun
245 ## - TITLE STATEMENT | অাখ্যা বিবরণী
Title | অাখ্যা Logical Reasoning for CAT
Statement of responsibility | লেখকের দায়িত্বের বিবরণ Arun Sharma
250 ## - EDITION STATEMENT | সংস্করণ ক্ষেত্র
Edition statement | সংস্করণ 7th ed.
260 ## - IMPRINT | প্রকাশনা ক্ষেত্র
Place of publication | প্রকাশ স্থান Chennai
Name of publisher | প্রকাশকের নাম McGraw Hill Education
Date of publication | প্রকাশ কাল 2023
300 ## - PHYSICAL DESCRIPTION |
Page / Vol. No | পৃষ্ঠা / খন্ড সংখ্যা Various pages.
Other physical details | অনান্য বাহ্যিক বিবরণ 26cm.
650 ## - SUBJECT ADDED ENTRY--TOPICAL TERM | বিষয় শিরোনাম - মূল বিষয়
Topical term | মূল বিষয় Competitive examination book-CAT
850 ## - HOLDING INSTITUTION
Holding institution LCLIB
942 ## - ADDED ENTRY ELEMENTS (KOHA)
Koha item type Books
Holdings
Withdrawn status Lost status Source of classification Damaged status Not for loan Home library Current library Shelving location Date acquired Price Total Checkouts Full call number Accession No. Date last seen Price effective from Koha item type Coded location qualifier
    Dewey Decimal Classification     Loreto College Loreto College P.C.Chandra Gyandhara Prakalpo 24/03/2025 885.00   153.94 SHA 54745 48109 24/03/2025 24/03/2025 Books